Recuerde, piense y trabaje sus manos. cuaderno de trabajo para personas mayores / nivel 2 :
Saved in:
| 主要作者: | |
|---|---|
| 格式: | 電子書 |
| 語言: | 西班牙语 |
| 出版: |
Madrid :
Editorial CEPE,
2019.
|
| 版: | Terecera edición. |
| 叢編: | Atardecer ;
2. |
| 主題: | |
| 在線閱讀: | https://elibro.unach.elogim.com/es/lc/unach/titulos/285797 |
| 標簽: |
添加標簽
沒有標簽, 成為第一個標記此記錄!
|
MARC
| LEADER | 00000nam a2200000 i 4500 | ||
|---|---|---|---|
| 001 | ELB285797 | ||
| 003 | FINmELB | ||
| 005 | 20250825120000.0 | ||
| 006 | m o d | | ||
| 007 | cr cnu|||||||| | ||
| 008 | 250825s2019 sp o 001 0 spa d | ||
| 017 | |a M-40215-2019 |b España | ||
| 020 | |z 9788478699582 |q (print) | ||
| 035 | |a (OCoLC)1538594431 | ||
| 040 | |a FINmELB |b spa |e rda |c FINmELB | ||
| 050 | 4 | |a LB1062 |b H565 2019 | |
| 080 | |a 374 | ||
| 082 | 1 | |a 370.152 |2 23 | |
| 100 | 1 | |a Hrerro Polo, María Amparo, |e autora. | |
| 245 | 1 | 0 | |a Recuerde, piense y trabaje sus manos. |n nivel 2 : |b cuaderno de trabajo para personas mayores / |c María Amparo Herrero Polo. |
| 250 | |a Terecera edición. | ||
| 264 | 1 | |a Madrid : |b Editorial CEPE, |c 2019. | |
| 300 | |a 1 recurso en línea (33 páginas) | ||
| 336 | |a texto |b txt |2 rdacontent/spa | ||
| 337 | |a computadora |b c |2 rdamedia/spa | ||
| 338 | |a recurso en línea |b cr |2 rdacarrier/spa | ||
| 490 | 1 | |a Atardecer ; |v 2 | |
| 500 | |a Incluye índice. | ||
| 588 | |a Descripción basada en metadatos suministrados por el editor y otras fuentes. | ||
| 590 | |a Recurso electrónico. Santa Fe, Arg.: elibro, 2025. Disponible vía World Wide Web. El acceso puede estar limitado para las bibliotecas afiliadas a elibro. | ||
| 650 | 4 | |a Educación de adultos. | |
| 650 | 4 | |a Ejercicios de memoria. | |
| 650 | 4 | |a Terapia ocupacional. | |
| 655 | 4 | |a Libros electrónicos. | |
| 797 | 2 | |a elibro, Corp. | |
| 830 | 0 | |a Atardecer ; |v 2. | |
| 856 | 4 | 0 | |u https://elibro.unach.elogim.com/es/lc/unach/titulos/285797 |